000 00444nam a22001457a 4500
003 SISC
005 20191119143529.0
008 191119b xxu||||| |||| 00| 0 eng d
020 _a971-542-471-6
050 _aDS 676
_b.C933 2005
100 _91
_aCristobal, Adrian E.--
245 _aThe Tragedy of the revolution /
_cAdrian E. Cristobal
260 _aQuezon City: Philippines
_bThe University of the Philippines Press
_c2005
942 _2lcc
_cBK
999 _c362709
_d362709